|
|
|
|
| LEADER |
00789nab a2200181 i 4500 |
| 001 |
misc8257 |
| 005 |
20191106143922.0 |
| 008 |
170607s1907 hu o 0|| hun d |
| 022 |
|
|
|a 0025-0260
|
| 040 |
|
|
|a SZTE Miscellanea Repozitórium
|b hun
|
| 041 |
|
|
|a hun
|
| 100 |
1 |
|
|a Willmann Otto
|
| 245 |
1 |
0 |
|a Pädagogische Vorträge über die Hebung der geistigen Tätigkeit durch den Unterricht
|h [elektronikus dokumentum] /
|c Willmann Otto
|
| 260 |
|
|
|c 1907
|
| 300 |
|
|
|a 47-48
|
| 490 |
0 |
|
|a Magyar pedagógia : a Magyar Tudományos Akadémia Pedagógiai Bizottságának folyóirata
|v 16
|
| 695 |
|
|
|a Pedagógia német 19. sz., Oktatásügy Németország 19. sz., Pszichológia német 19. sz., Pedagógia, Didaktika
|
| 856 |
4 |
0 |
|u http://misc.bibl.u-szeged.hu/8257/1/mp_1907_1167_047-048.pdf
|z Dokumentum-elérés
|